000 00687nam a2200265Ia 4500
005 20260302114113.0
008 008 260114s9999 xx 000 0 eng d
020 _a9781350347687
037 _aTextbook
040 _aCRL
040 _beng
040 _cCRL
041 _2eng
041 _aeng
084 _qCRL
100 _aNicholas Davey
_91117768
245 0 _aNegative Hermeneutics and the Question of Practice
260 _bBloomsbury
260 _bBloomsbury Academic
260 _c2023
650 _aPhilosophy
856 _uhttps://doi.org/10.5040/9781350347687?locatt=label:secondary_bloomsburyCollections
942 _cEBOOK
999 _c1681354
_d1681354